| 000 | 00626nam a2200217 i 4500 | ||
|---|---|---|---|
| 001 | bgj | ||
| 100 | 1 |
_aHÖXTER, John. _d(1884-1938) |
|
| 245 | 1 | 0 |
_aGedichte und Prosa / _cJohn Höxter ; hrsg. von Franz Josef-Weber und Karl Riha. |
| 260 |
_aSiegen : _bUniversität-Gesathochschule Siegen, _c1984. |
||
| 300 |
_a48 s. : _bil. ; _c21 cm. |
||
| 650 | _aLiteratura niemiecka | ||
| 700 | 1 | _aWEBER, Josef-Franz. | |
| 700 | 1 | _aRIHA, Karl. | |
| 830 | _aVergessene Autoren der Moderne | ||
| 040 | _cBPK | ||
| 041 | 0 | _ager | |
| 044 | _aDEU | ||
| 080 | _a821.112.2 | ||
| 942 | _cKS | ||
| 008 | s gw f |000 0 ger | ||
| 999 |
_c50017 _d50017 |
||
| 856 |
_uhttp://koha.tu.koszalin.pl/cgi-bin/koha/opac-detail.pl?biblionumber=50017 _yKatalog online BPK |
||